| 000 | 01893nam0a22004091 4500 | ||
|---|---|---|---|
| 001 | RU\NLR\BIBL_A\010561558 | ||
| 005 | 20250614071734.0 | ||
| 010 |
_a978-5-8459-1917-5 _91500 |
||
| 021 |
_aRU _b2014-75462 _94622 |
||
| 035 | _a(NILC)RuMoRGB-007566616 | ||
| 035 | _a(NLR Aleph) 010561558 | ||
| 090 |
_a10382735 _c10382735 |
||
| 100 | _a20141210d2015 |||y0rusy50 ca | ||
| 101 | 1 |
_arus _achi _ceng |
|
| 102 | _aRU | ||
| 105 | _aa|||z|||001yy | ||
| 200 | 1 |
_aКитайский язык для чайников _fВенди Абрахам _g[пер. с англ. и ред. А.В. Слепцова] |
|
| 205 | _a2-е изд. | ||
| 210 |
_aМосква [и др.] _cДиалектика _cВильямс _d2015 _d[т.е. 2014] |
||
| 215 |
_a358, [3] с. _cил. _d24 _e[1] электрон. опт. диск (CD-ROM) |
||
| 225 | 1 | _aВедь это так просто! | |
| 225 | 1 |
_a...для чайников _d...for dummies _eсерия популярных книг от Диалектики _zeng |
|
| 300 | _aЗагл. и авт. ориг.: Chinese for dummies / Dr. Wendy Abraham | ||
| 300 | _aНа 4-й с. обл. авт.: Венди Абрахам, д-р по кит. лит. в Стэнфорд. ун-те | ||
| 300 | _aКн. фактически изд. в 2014 г. | ||
| 320 | _aПредм. указ.: с. 355-358 | ||
| 454 | 1 |
_12001#$aChinese for dummies$fDr. Wendy Abraham _1700#1$aAbraham$dW.$gWendy _tChinese for dummies _aAbraham, Wendy |
|
| 606 | 1 |
_aКитайский язык _jУчебные издания _91333944 _3RU\NLR\AUTH\66555196 |
|
| 686 | 1 | _aШ171.1-93рус | |
| 700 | 1 |
_aАбрахам _bВ. _gВенди |
|
| 852 |
_aNLR _bОЛСАА-кит. _j3-4488 |
||
| 942 | _cBOOK | ||
| 980 | _aNB | ||
| 980 | 1 | _aCHIN | |